El Bibliobús Montserrat celebra l'Any Joana Raspall : t'afegeixes a la festa? t'afegeixes a la festa?
Descripción Física:
1 punt de llibre : il·lustracions ; 19 x 5 cm
Idioma:
Catalán
MARC
| LEADER | 00000nrm a2200000 a 4500 | ||
|---|---|---|---|
| 001 | 25876 | ||
| 003 | Arxiu | ||
| 008 | 220610b spa||||| |||| 00| 0 cat d | ||
| 017 | |a DL B 21089-2013 | ||
| 080 | |a NBM-13-231 | ||
| 245 | |a El Bibliobús Montserrat celebra l'Any Joana Raspall : |b t'afegeixes a la festa? | ||
| 260 | |a Barcelona : |b Xarxa de Biblioteques Municipals, |c 2013 | ||
| 300 | |a 1 punt de llibre : |b il·lustracions ; |c 19 x 5 cm | ||
| 610 | 1 | 0 | |a Bibliobús Montserrat |9 52659 |
| 650 | 0 | |a Bibliobusos |z Barcelona (Catalunya : Província) |9 30563 | |
| 655 | 0 | |a Punts de llibre |9 52700 | |
| 710 | 1 | |a Barcelona (Catalunya : Província). |b Xarxa de Biblioteques Municipals |9 52650 | |
| 942 | |2 udc |c ARXIU |n 1 | ||
| 952 | |0 0 |1 0 |4 0 |6 NBM13231 |7 1 |9 62335 |a Arxiu |b Arxiu |d 2022-06-10 |l 0 |o NBM-13-231 |p 25876 |r 2022-06-10 00:00:00 |w 2022-06-10 |y ARXIU | ||
| 999 | |c 81995 |d 81995 | ||